000 00680nam a2200217 i 4500
001 172485
003 ES-MaACL
005 20250907063129.0
008 090710s1982 sp |||| | spa d
017 _aB 33791-1982
020 _a84-300-7736-7
080 _a347.952(460)
100 1 _aFernández López, Miguel Ángel
_949408
245 1 0 _aEl proceso de Ejecución /
_cMiguel Ángel Fernández.
260 _a[S.l.] :
_bM. A. Fernández,
_c1982 (
_eBarcelona :
_fRomargraf)
300 _a314 p. ;
_c22 cm.
500 _aÍndices.
650 0 4 _aProcedimiento de ejecución-
_zEspaña.
_916426
852 _aES-MaACL
_jE-12800
_9R.143560
999 _c172485
_d172485